Frédérique. (Record no. 22915)

MARC details
000 -LEADER
fixed length control field 00642cam a22002291 4500
001 - CONTROL NUMBER
control field f 01002722
003 - CONTROL NUMBER IDENTIFIER
control field DLC
005 - DATE AND TIME OF LATEST TRANSACTION
control field 20260227111244.0
008 - FIXED-LENGTH DATA ELEMENTS--GENERAL INFORMATION
fixed length control field 750814s1900 fr 000 1 fre
010 ## - LIBRARY OF CONGRESS CONTROL NUMBER
LC control number f 01002722
035 ## - SYSTEM CONTROL NUMBER
System control number (OCoLC)1544855
040 ## - CATALOGING SOURCE
Original cataloging agency DLC
Transcribing agency FM
Modifying agency OCoLC
-- DLC
042 ## - AUTHENTICATION CODE
Authentication code premarc
050 00 - LIBRARY OF CONGRESS CALL NUMBER
Classification number PQ2383.P6
Item number F6 1900
100 1# - MAIN ENTRY--PERSONAL NAME
Personal name Prévost, Marcel,
Dates associated with a name 1862-1941.
245 10 - TITLE STATEMENT
Title Frédérique.
260 ## - PUBLICATION, DISTRIBUTION, ETC.
Place of publication, distribution, etc. Paris :
Name of publisher, distributor, etc. A. Lemerre,
Date of publication, distribution, etc. 1900.
300 ## - PHYSICAL DESCRIPTION
Extent 2 p. l., 493 p., 1 l. ;
Dimensions 19 cm.
490 1# - SERIES STATEMENT
Series statement His Les vierges fortes
500 ## - GENERAL NOTE
General note On cover: 65. éd.
800 1# - SERIES ADDED ENTRY--PERSONAL NAME
Personal name Prévost, Marcel,
Dates associated with a name 1862-1941.
Title of a work Les vierges fortes.

No items available.

Powered by Koha